| 000 | 00410nam a2200157Ia 4500 | ||
|---|---|---|---|
| 008 | 221030s9999 xx 000 0 und d | ||
| 020 | _a8129707144 | ||
| 041 | _aEnglish | ||
| 082 | _a105.23 | ||
| 100 | _aRaj Kamal | ||
| 245 | 0 | _aMicrocontrollers Architecture, Programming, Interfacing & System Design | |
| 260 |
_bPearson Education _aDelhi _c2005 |
||
| 300 | _a624 | ||
| 650 | _aBE Computer | ||
| 942 | _cBK | ||
| 999 |
_c5627 _d5627 |
||